Normale Ansicht MARC-Ansicht ISBD

Frankfurt an der Oder: (Titelsatznr. 373556)

[ MARC ]
MARC-Details
000 -Satzkennung
Kontrollfeld mit fester Länge 01549cam a2200433 4500
001 - Kontrollnummer
Kontrollfeld 1886149119
003 - Kontrollnummer Identifier
Kontrollfeld DE-627
005 - Datum und Zeit der letzten Transaktion
Kontrollfeld 20250113142511.0
007 - Feld mit fester Länge zur physischen Beschreibung - Allgemeine Information
Kontrollfeld mit fester Länge tu
008 - Feld mit fester Länge zur physischen Beschreibung - Allgemeine Angaben
Kontrollfeld mit fester Länge 240417s2025 gw ||||| 00| ||ger c
015 ## - Nummer der Nationalbibliografie
Nummer der Nationalbibliografie 24,N16
Quelle dnb
016 7# - Kontrollnummer der nationalbibliografischen Agentur
Datensatzkontrollnummer 1325718246
Quelle DE-101
020 ## - Internationale Standardbuchnummer
Internationale Standardbuchnummer 9783963035593
Bezugsbedingungen : : EUR 24.99 (DE), EUR 25.70 (AT), CHF 32.90 (freier Preis)
020 ## - Internationale Standardbuchnummer
Internationale Standardbuchnummer 3963035595
024 3# - Anderer Standardidentifier
Standardnummer oder Code 9783963035593
028 52 - Verlegernummer
Verlegernummer 03559
035 ## - Systemkontrollnummer
System-Kontrollnummer (DE-627)1886149119
035 ## - Systemkontrollnummer
System-Kontrollnummer (DE-599)DNB1325718246
035 ## - Systemkontrollnummer
System-Kontrollnummer (OCoLC)1430352243
040 ## - Katalogisierungsquelle
Original-Katalogisierungsstelle DE-627
Katalogisierungssprache ger
Übertragungsstelle DE-2950
Beschreibungsfestlegungen rda
Bearbeitungsstelle DE-2950
041 ## - Sprachcode
Sprachcode des Textes/der Tonspur oder des separaten Titels ger
044 ## - Ländercode der veröffentlichenden/herstellenden Stelle
ISO-Ländercode XA-DE-BW
082 04 - Notation nach der Dewey Decimal Classification
Notation 900
Zuweisende Stelle DE-101
084 ## - Andere Notation
Notation 15.46
Quelle der Nummer bkl
100 1# - Haupteintragung - Personenname
Personenname Targiel, Ralf-Rüdiger
Datumsangaben in Verbindung mit einem Namen 1953-
Funktionsbezeichnung VerfasserIn
IDN des Normdatensatzes oder Standardnummer (DE-588)114228140
-- (DE-627)495820601
-- (DE-576)167409646
Code für Beziehungskennzeichnung aut
245 10 - Titel
Titel Frankfurt an der Oder:
Zusatz zum Titel Bilder und Geschichten aus alter Zeit/
Verfasserangabe etc. Ralf-Rüdiger Targiel
264 #1 - Produktion, Veröffentlichung, Distribution, Herstellung und Urheberrechtsvermerk
Herstellungs-, Veröffentlichungs- Vertriebs-, Erzeugungsort Tübingen:
Produzent, Herausgeber, Distributor, Hersteller Sutton,
Datum der Herstellung, der Veröffentlichung, des Vertriebs oder des Urheberschutzvermerks [2025]
300 ## - Physische Beschreibung
Umfang 120 Seiten:
Andere physische Details Illustrationen, Pläne
Maße 24 cm x 17 cm
336 ## - Inhaltstyp
Inhaltstypterm Text
Inhaltstypcode txt
Quelle rdacontent
337 ## - Medientyp
Bezeichnung des Medientyps ohne Hilfsmittel zu benutzen
Medientypcode n
Quelle rdamedia
338 ## - Datenträgertyp
Datenträgertypbezeichnung Band
Datenträgertypcode nc
Quelle rdacarrier
653 ## - Indexierungsterm - Nicht normiert
Nicht-normierter Term Frankfurt (Oder)
653 ## - Indexierungsterm - Nicht normiert
Nicht-normierter Term Geschichte 1253 - 1998
951 ## - EQUIVALENCE OR CROSS-REFERENCE--GEOGRAPHIC NAME/AREA NAME [OBSOLETE] [CAN/MARC only]
Geografischer Name BO
710 2# - Nebeneintragung - Körperschaftsname
Körperschafts- oder Gebietskörperschaftsname als Eintragungselement Sutton Verlag
Funktionsbezeichnung Verlag
IDN des Normdatensatzes oder Standardnummer (DE-588)103197914X
-- (DE-627)737683260
-- (DE-576)379709228
Code für Beziehungskennzeichnung pbl
856 42 - Elektronische Adresse und Zugriff
URL <a href="http://deposit.dnb.de/cgi-bin/dokserv?id=17fbbe50855d41be91fd6d86ddffb8d1&prov=M&dok_var=1&dok_ext=htm">http://deposit.dnb.de/cgi-bin/dokserv?id=17fbbe50855d41be91fd6d86ddffb8d1&prov=M&dok_var=1&dok_ext=htm</a>
Kontaktstelle für Hilfe beim Zugriff X:MVB
Elektronisches Format text/html
Spezifische Materialangaben Inhaltstext
936 bk - OCLC/CONSER MISCELLANEOUS DATA (OCLC); PIECE USED FOR CATALOGING (pre-AACR2) (RLIN)
OCLC control number(s) of parallel record(s) (OCLC); Piece used for cataloging, PUC (RLIN) 15.46
942 ## - Zusätzliche Felder (Koha)
Klassifikation oder Aufstellungssystematik Andere/Generische Klassifikation
Koha-Medientyp Bücher
Exemplare
Ausgeschieden Verloren Klassifikation oder Aufstellungssystematik Beschädigt Nicht entleihbar Heimatbibliothek Aufenthaltsbibliothek Aufstellungsort Erwerbungsdatum Lieferant Kodierter Standort-Qualifier Anzahl Ausleihen Signatur Letzte Aktivität Exemplarnummer Preis gültig von Koha-Medientyp
    Andere/Generische Klassifikation     Stadtarchiv Frankfurt (Oder) | Archivbibliothek Stadtarchiv Frankfurt (Oder) | Archivbibliothek Magazin 13/01/2025 Belegexemplar M   II: 5129 13/01/2025 12/2025 13/01/2025 Bücher
    Andere/Generische Klassifikation     Stadtarchiv Frankfurt (Oder) | Archivbibliothek Stadtarchiv Frankfurt (Oder) | Archivbibliothek Lesesaal 13/01/2025 Belegexemplar L   FII 163 13/01/2025 13/2025 13/01/2025 Bücher